| 000 | 01807nac a22004817a 4500 | ||
|---|---|---|---|
| 001 | BR8600685 | ||
| 003 | BR-BrBNA | ||
| 005 | 20240105120358.0 | ||
| 008 | 230509b bl.|||m| |||| 00| 0 por d | ||
| 040 |
_aBR-BrBNA _bpor _cBiblioteca Nacional de Agricultura |
||
| 072 | _aF04; L02 | ||
| 090 | _a1930 BR8600685 | ||
| 100 | 1 | _aSetti, J.C. de A. | |
| 100 | 1 | _aNunes, S.G. | |
| 100 | 1 | _aSilva, J.M. da | |
| 100 | 1 | _aAndrade, S.F. de | |
| 100 | 1 | _aOliveira, A.R. de | |
| 110 | 1 | _aEmpresa de Pesquisa, Assistencia Tecnica e Extensao Rural de Mato Grosso do Sul, Campo Grande (Brasil) | |
| 245 | 1 | _aProdutividade animal em pastagens de Brachiaria decumbens cv. Australiana e Andropogon gayanus cv. Planaltina consorciadas e submetidas a adubacao com fosfato natural | |
| 246 | 1 | _a[Animal productivity in pastures of Brachiaria decumbens, Australiana cultivar and Andropogon gayanus, Planaltina cultivar, associated and under natural phosphate fertilization] | |
| 260 | 3 |
_aCampo Grande, MS (Brasil): _c1985. |
|
| 300 | _a4 p. | ||
| 490 |
_aPesquisa em Andamento - Empresa de Pesquisa, Assistencia Tecnica e Extensao Rural de Mato Grosso do Sul (Brazil) _vno. 22 _xISSN 0101-9651 |
||
| 500 | _a9 illus. | ||
| 650 | _aCAPIM BRACHIARIA | ||
| 650 | _aCAPIM ANDROPOGON | ||
| 650 | _aLEGUMINOSA FORRAGEIRA | ||
| 650 | _aCIGARRINHA DAS PASTAGENS | ||
| 650 | _aVARIEDADE RESISTENTE | ||
| 650 | _aFOSFATO DE ROCHA | ||
| 650 | _aADUBACAO | ||
| 650 | _aCONSORCIACAO DE CULTURA | ||
| 650 | _aPASTEJO CONTINUO | ||
| 650 | _aBOVINO | ||
| 650 | _aMATERIA SECA | ||
| 650 | _aANALISE FOLIAR | ||
| 650 | _aDISPONIBILIDADE | ||
| 650 | _aGANHO DE PESO | ||
| 650 | _aCERRADO | ||
| 650 | _aMATO GROSSO DO SUL | ||
| 909 |
_a202312 _bLúcia Elande _c55 _dLúcia Elande |
||
| 942 |
_2AGRIS _n0 _cMS |
||
| 999 |
_c279156 _d279156 |
||